La formación del Estado argentino : orden, progreso y organización nacional /

Guardado en:
Autor Principal: Oszlak, Oscar.
Formato: Libro
Idioma:Undetermined
Publicado: Buenos Aires : Planeta, 1997.
Edición:2a. ed.
Materias:
Etiquetas: Agregar Etiqueta
Sin Etiquetas, Sea el primero en etiquetar este registro!
LEADER 00531nam a22001815a 4500
001 DER.der015154
008 250226s1997####ag############000#0#und#d
005 20250227120920.0
245 1 0 |a La formación del Estado argentino :  |b orden, progreso y organización nacional /  |c Oscar Oszlak. 
250 |a 2a. ed. 
260 |a Buenos Aires :  |b Planeta,  |c 1997. 
300 |a 336 p. 
020 |a 9507428291 
100 1 |a Oszlak, Oscar. 
650 7 |a ESTADO 
650 7 |a ARGENTINAO 
650 7 |a HISTORIA 
859 |a DERECHO  |b BIB. DERECHO  |h 321  |i OSK  |p 0010555